banner

El sujeto en la estructura: (Registro nro. 1415)

000 -LEADER
fixed length control field 01383nam a22002897 4500
003 - CONTROL NUMBER IDENTIFIER
control field AR-BaISA
005 - DATE AND TIME OF LATEST TRANSACTION
control field 20230925145019.0
007 - PHYSICAL DESCRIPTION FIXED FIELD--GENERAL INFORMATION
fixed length control field ta
008 - FIXED-LENGTH DATA ELEMENTS--GENERAL INFORMATION
fixed length control field 230913s2015 ag |||| |||| 000 0 spa d
020 ## - INTERNATIONAL STANDARD BOOK NUMBER
International Standard Book Number 9789506495800
040 ## - CATALOGING SOURCE
Language of cataloging spa
Transcribing agency AR-BaISA
082 04 - DEWEY DECIMAL CLASSIFICATION NUMBER
Edition number 22
Classification number 150.195 B414
100 1# - MAIN ENTRY--PERSONAL NAME
9 (RLIN) 3063
Personal name Belucci, Gabriel
Relator term aut.
245 10 - TITLE STATEMENT
Title El sujeto en la estructura:
Remainder of title fundamentos clínicos del psicoanálisis /
Statement of responsibility, etc. Gabriel Belucci, Lujan Iuale, Darío Groel, Damián López, Eduardo Said, Luciano Lutereau; epílogo Eduardo Duer
260 ## - PUBLICATION, DISTRIBUTION, ETC.
Place of publication, distribution, etc. Buenos Aires:
Name of publisher, distributor, etc. Letra Viva,
Date of publication, distribution, etc. 2015
300 ## - PHYSICAL DESCRIPTION
Extent 125 p.
505 ## - FORMATTED CONTENTS NOTE
Title Luciano Lutereau / Clínica psicoanalítica y usos del caso --
-- Lujan Iuale / La constitución psíquica y la subjetivación del cuerpo --
-- Damián López / Neurosis. Fundamentos e intervenciones --
-- Gabriel Belucci / El tratamiento de las psicosis --
-- Darío Groel / La perversión, de Freud a Lacan --
-- Eduardo Said / De la posición del analista --
-- Eduardo Duer / Epílogo. Actualidad de la clínica psicoanalítica
650 10 - SUBJECT ADDED ENTRY--TOPICAL TERM
9 (RLIN) 141
Topical term or geographic name entry element Psicoanálisis
650 10 - SUBJECT ADDED ENTRY--TOPICAL TERM
9 (RLIN) 2645
Topical term or geographic name entry element Psicología clínica
700 1# - ADDED ENTRY--PERSONAL NAME
9 (RLIN) 2848
Personal name Iuale, Luján
Relator term aut.
700 1# - ADDED ENTRY--PERSONAL NAME
9 (RLIN) 3064
Personal name Groel, Darío
Relator term aut.
700 1# - ADDED ENTRY--PERSONAL NAME
9 (RLIN) 3066
Personal name López, Damián
Relator term aut.
700 1# - ADDED ENTRY--PERSONAL NAME
9 (RLIN) 3067
Personal name Said, Eduardo
Relator term aut.
700 1# - ADDED ENTRY--PERSONAL NAME
9 (RLIN) 3068
Personal name Lutereau, Luciano
Relator term aut.
700 1# - ADDED ENTRY--PERSONAL NAME
9 (RLIN) 3082
Personal name Duer, Eduardo
942 ## - ADDED ENTRY ELEMENTS (KOHA)
Source of classification or shelving scheme
Koha item type Libros
Edition 22
Existencias
Withdrawn status Lost status Source of classification or shelving scheme Damaged status Not for loan Permanent Location Current Location Date acquired Inventory number Total Checkouts Full call number Barcode Date last seen Date last checked out Price effective from Koha item type Public note
          Biblioteca ISALUD. Dr. Néstor Rodríguez Campoamor Biblioteca ISALUD. Dr. Néstor Rodríguez Campoamor 2023-09-13 5083 1 150.195 B414 5083 2024-04-26 2024-04-19 2023-09-13 Libros Donación de Gabriel Belucci